Reagan Cuban independence bay remarks central americans cooitted to freedom

שמור ב:
מידע ביבליוגרפי
פורמט: Texto
יצא לאור: s.l.: s.e.
תגים: הוספת תג
אין תגיות, היה/י הראשונ/ה לתייג את הרשומה!

MARC

LEADER 00000 a a2200000 04500
001 22339
003
040
090 |a 152100  
245 |a Reagan Cuban independence bay remarks central americans cooitted to freedom  
260 |a s.l.:   |b s.e.  
300 |a 10 p.  
500 |a Tomado de: Cable noticioso  
999 |c 16550  |d 16550